| 000 | 00964cam a22002652 4500 | ||
|---|---|---|---|
| 001 | 0000002589 | ||
| 005 | 20151217151859.0 | ||
| 008 | 070416s xx 000 0 eng d | ||
| 040 |
_aKABU _cKABU |
||
| 050 | 0 |
_aPA810 _b.N49 |
|
| 245 | 1 | 0 | _aNew documents illustrating early Christianity : |
| 260 |
_aNorth Ryde, N.S.W. : _bMacquarie University, _c1983-1998. |
||
| 300 | _av. | ||
| 362 | 0 | _aLibrary has vls. 2, 3, 4, 5, 7, 8. | |
| 650 | 0 |
_aGreek language, Biblical. _@0000152001 |
|
| 650 | 0 |
_aBible, New Testment _xLanguage. _@0000152002 |
|
| 908 | _a070416 | ||
| 950 | _@1 | ||
| 999 |
_c5929 _d5929 |
||